[Event "RSA-ch U20 Girls"]
[Site "Cape Town"]
[Date "2019.12.12"]
[Round "9"]
[White "Boshoma, Chisomo"]
[Black "Putter, Nicola"]
[Result "0-1"]
[WhiteElo "1367"]
[BlackElo "1411"]
[PlyCount "136"]
[EventDate "2019.12.07"]
[EventType "tourn"]
[EventRounds "10"]
[EventCountry "RSA"]
[SourceTitle "CBM 193 Extra"]
[Source "ChessBase"]
[SourceDate "2020.01.31"]
[SourceVersion "1"]
[SourceVersionDate "2020.01.31"]
[SourceQuality "1"]

1. e4 e5 2. Nf3 Nc6 3. Bb5 a6 4. Ba4 Nf6 5. 0-0 Be7 6. Re1 b5 7. Bb3 0-0 8. c3 d6 9. d3 Na5 10. Bc2 c5 11. Nbd2 Re8 12. Nf1 g6 13. Ng3 Qc7 14. h3 Bb7 15. d4 Rac8 16. Bb1 exd4 17. cxd4 Nc6 18. Bf4 Qd8 19. a3 Bf8 20. Ba2 h6 21. Qd2 Nxd4 22. Nxd4 cxd4 23. Qxd4 g5 24. Bd2 Bg7 25. Qd3 d5 26. exd5 Rxe1+ 27. Rxe1 Nxd5 28. Qb3 Qf6 29. Rb1 Nf4 30. Bxf4 gxf4 31. Nh5 Qf5 32. Nxg7 Kxg7 33. Qd1 f3 34. g4 Qg6 35. Qd4+ Qf6 36. Qxf6+ Kxf6 37. b4 h5 38. gxh5 Rg8+ 39. Kf1 Rh8 40. Rc1 Rxh5 41. Bxf7 Rxh3 42. Kg1 Be4 43. Bb3 Ke5 44. Rd1 Rh6 45. a4 Rc6 46. axb5 axb5 47. Rd2 Rc1+ 48. Rd1 Rxd1+ 49. Bxd1 Kd4 50. Kh2 Kc4 51. Kg3 Kxb4 52. Kf4 Bc6 53. Bxf3 Bxf3 54. Kxf3 Kc3 55. Ke3 b4 56. f4 b3 57. f5 b2 58. f6 b1Q 59. f7 Qf1 60. f8Q Qxf8 61. Ke4 Qd6 62. Kf3 Qd4 63. Kg3 Kd3 64. Kf3 Qf6+ 65. Kg4 Ke3 66. Kg3 Qg5+ 67. Kh2 Kf2 68. Kh3 Qg3# 0-1

[Event "RSA-ch U20 Girls"]
[Site "Cape Town"]
[Date "2019.12.08"]
[Round "2"]
[White "Bouwer, Dane"]
[Black "Putter, Nicola"]
[Result "0-1"]
[WhiteElo "1155"]
[BlackElo "1411"]
[PlyCount "140"]
[EventDate "2019.12.07"]
[EventType "tourn"]
[EventRounds "10"]
[EventCountry "RSA"]
[SourceTitle "CBM 193 Extra"]
[Source "ChessBase"]
[SourceDate "2020.01.31"]
[SourceVersion "1"]
[SourceVersionDate "2020.01.31"]
[SourceQuality "1"]

1. e4 e5 2. Nc3 Nf6 3. Nf3 Nc6 4. Bc4 Bc5 5. d3 d6 6. h3 Be6 7. Nd5 h6 8. Be3 Bxd5 9. Bxd5 Bb6 10. Bb3 d5 11. exd5 Nxd5 12. Qe2 Ba5+ 13. Bd2 Nf4 14. Qe4 Nxg2+ 15. Kf1 Bxd2 16. Nxd2 Nh4 17. Nf3 Nxf3 18. Qxf3 0-0 19. Rg1 Kh7 20. Qf5+ g6 21. Qg4 Qd4 22. Qxd4 Nxd4 23. c3 Nf3 24. Rg3 e4 25. Bc2 f5 26. dxe4 fxe4 27. Rd1 Rad8 28. Ke2 Rxd1 29. Kxd1 Rd8+ 30. Kc1 Re8 31. Kd1 Ng5 32. h4 Nf7 33. Ke2 Nd6 34. Kd1 h5 35. f3 Nf5 36. Rh3 Ne3+ 37. Kd2 Nc4+ 38. Kc1 e3 39. Rh1 Nd2 40. f4 Nf3 41. Bd1 e2 42. Bxe2 Rxe2 43. Rd1 Re1 44. Rxe1 Nxe1 45. Kd2 Ng2 46. Ke2 Nxh4 47. Kf2 Nf5 48. Kf3 Kg7 49. b4 Kf6 50. a4 Nd6 51. Ke3 Kf5 52. Kf3 Ne4 53. c4 Nd2+ 54. Ke3 Nxc4+ 55. Kf3 h4 56. b5 Nb2 57. a5 c5 58. bxc6 bxc6 59. Ke3 c5 60. a6 c4 61. Kd4 h3 62. Kc3 h2 63. Kxb2 h1Q 64. Kc3 Qd5 65. Kb4 Ke4 66. Kc3 Qb5 67. f5 Ke3 68. Kc2 Qb3+ 69. Kc1 Kd3 70. fxg6 Qc2# 0-1

[Event "RSA-ch U20 Girls"]
[Site "Cape Town"]
[Date "2019.12.07"]
[Round "1"]
[White "Claassen, Anke"]
[Black "Putter, Nicola"]
[Result "0-1"]
[WhiteElo "1294"]
[BlackElo "1411"]
[PlyCount "118"]
[EventDate "2019.12.07"]
[EventType "tourn"]
[EventRounds "10"]
[EventCountry "RSA"]
[SourceTitle "CBM 193 Extra"]
[Source "ChessBase"]
[SourceDate "2020.01.31"]
[SourceVersion "1"]
[SourceVersionDate "2020.01.31"]
[SourceQuality "1"]

1. e4 e5 2. Nf3 Nc6 3. d4 exd4 4. Bc4 Nf6 5. e5 Ng4 6. 0-0 d6 7. exd6 Bxd6 8. Re1+ Kf8 9. h3 Nge5 10. Bb3 Qf6 11. Nbd2 Bb4 12. Nxe5 Nxe5 13. Re2 Bxd2 14. Qxd2 c5 15. Qf4 Nd7 16. Qxf6 Nxf6 17. Bf4 Ne8 18. Ba4 Be6 19. Bxe8 Kxe8 20. Bd6 b6 21. Be5 Rg8 22. a3 Kd7 23. b4 Rae8 24. Bg3 Bc4 25. Rxe8 Rxe8 26. Rc1 Kc6 27. bxc5 Kxc5 28. f3 Re3 29. c3 Rxc3 30. Rxc3 dxc3 31. Bf2+ Kb5 32. Be3 Ka4 33. Bc1 Kb3 34. Kf2 Kc2 35. Bf4 Kd1 36. Ke3 c2 37. Kd4 Bf1 38. g3 Bxh3 39. Kc3 c1Q+ 40. Bxc1 Kxc1 41. Kb4 g5 42. Kc4 Bg2 43. f4 gxf4 44. gxf4 h5 45. Kd3 h4 46. Ke2 h3 47. Kf2 b5 48. Kg1 Kb2 49. f5 Kxa3 50. f6 b4 51. Kh2 b3 52. Kg1 b2 53. Kh2 b1Q 54. Kg3 Qf5 55. Kh2 Be4 56. Kg3 Qf3+ 57. Kh4 Qg2 58. Kh5 Bf3+ 59. Kh4 Qg4# 0-1

[Event "Wch U12 Girls"]
[Site "Batumi"]
[Date "2016.10.21"]
[Round "3"]
[White "Sosovickova, Jana"]
[Black "Putter, Nicola"]
[Result "0-1"]
[WhiteElo "1386"]
[BlackElo "1180"]
[PlyCount "122"]
[EventDate "2016.10.19"]
[EventType "swiss"]
[EventRounds "11"]
[EventCountry "GEO"]
[SourceTitle "EXT 2018"]
[Source "ChessBase"]
[SourceDate "2017.10.13"]
[SourceVersion "1"]
[SourceVersionDate "2017.10.13"]
[SourceQuality "1"]

1. e4 e5 2. Nf3 Nf6 3. Bc4 Bc5 4. d3 Nc6 5. c3 d6 6. h3 h6 7. Bb3 a6 8. 0-0 Ba7 9. Nbd2 0-0 10. Re1 Nh5 11. Nf1 Qf6 12. Kh1 Bxf2 13. Re2 Ng3+ 14. Nxg3 Bxg3 15. Qf1 Be6 16. Bc2 d5 17. Bd2 dxe4 18. Rxe4 Bf5 19. Re3 Ne7 20. Rd1 Bh7 21. Bc1 Nf5 22. Ree1 Bxe1 23. Qxe1 Rfe8 24. Qf2 Rad8 25. Rf1 Qb6 26. Qe1 Qd6 27. Nh2 e4 28. Bf4 exd3 29. Bxd6 Rxe1 30. Rxe1 Nxd6 31. Bb3 d2 32. Rd1 Nc4 33. Nf3 Nxb2 34. Rxd2 Rxd2 35. Nxd2 Bd3 36. Kh2 Bf5 37. Kg3 Be6 38. Kf3 Bxb3 39. axb3 Nd3 40. Ke3 Ne5 41. Ne4 Nd7 42. g4 Kf8 43. Kd4 Ke7 44. b4 Ke6 45. c4 f5 46. Nf2 f4 47. Ke4 g5 48. c5 Nf6+ 49. Kd4 Nd5 50. Nd3 f3 51. Ke4 Nxb4 52. Ke3 Nxd3 53. Kxd3 Kd5 54. Ke3 f2 55. Kxf2 Kxc5 56. Ke3 b5 57. Kd3 Kb4 58. Kc2 Ka3 59. Kb1 b4 60. Kc2 b3+ 61. Kb1 b2 0-1

[Event "Africa-ch U12 Girls"]
[Site "Port Elizabeth"]
[Date "2016.08.24"]
[Round "4"]
[White "Putter, Nicola"]
[Black "Amin, Lila Mohamed"]
[Result "0-1"]
[WhiteElo "1180"]
[BlackElo "1397"]
[PlyCount "94"]
[EventDate "2016.08.22"]
[EventType "swiss"]
[EventRounds "9"]
[EventCountry "RSA"]
[SourceTitle "CBM 174 Extra"]
[Source "ChessBase"]
[SourceDate "2016.10.10"]
[SourceVersion "1"]
[SourceVersionDate "2016.10.10"]
[SourceQuality "1"]

1. e4 c6 2. d4 d5 3. Nc3 dxe4 4. Nxe4 Bf5 5. Ng3 Bg6 6. Bc4 Nf6 7. N1e2 h6 8. 0-0 e6 9. Nf4 Bh7 10. Ngh5 Nbd7 11. Qe2 Qe7 12. Re1 g5 13. Nxf6+ Qxf6 14. Nd3 Bxd3 15. cxd3 0-0-0 16. Bd2 Nb6 17. Bc3 Nd5 18. Bxd5 Rxd5 19. Rac1 Bd6 20. b4 Re8 21. b5 Rxb5 22. d5 Qf4 23. g3 Qa4 24. dxc6 bxc6 25. Bg7 Kd7 26. Rc4 Qa5 27. Bc3 Bb4 28. Bxb4 Rxb4 29. Qd2 Reb8 30. Rec1 Ra4 31. Qxa5 Rxa5 32. Rxc6 Rxa2 33. Rc7+ Ke8 34. Rc8+ Rxc8 35. Rxc8+ Ke7 36. Rh8 Kf6 37. Rxh6+ Kg7 38. Rh3 g4 39. Rh4 f5 40. f3 Ra4 41. h3 Rd4 42. hxg4 fxg4 43. Rxg4+ Rxg4 44. fxg4 a5 45. Kf2 a4 46. g5 a3 47. Kf3 a2 0-1

[Event "RSA-ch U12 Girls"]
[Site "Bloemfontein"]
[Date "2016.03.22"]
[Round "4"]
[White "Van Niekerk, Natasha Isabel"]
[Black "Putter, Nicola"]
[Result "1-0"]
[WhiteElo "1071"]
[BlackElo "1295"]
[PlyCount "128"]
[EventDate "2016.03.20"]
[EventType "swiss"]
[EventRounds "11"]
[EventCountry "RSA"]
[SourceTitle "CBM 171 Extra"]
[Source "ChessBase"]
[SourceDate "2016.04.26"]
[SourceVersion "1"]
[SourceVersionDate "2016.04.26"]
[SourceQuality "1"]

1. d4 d5 2. c4 e6 3. Nc3 Nf6 4. cxd5 exd5 5. Bg5 Be7 6. Nf3 0-0 7. e3 c6 8. Qb3 Qb6 9. Qxb6 axb6 10. Bd3 Re8 11. 0-0 Nbd7 12. a4 Nf8 13. Rfb1 Ng6 14. Ra2 h6 15. Bxf6 Bxf6 16. b4 Bd7 17. b5 c5 18. Nxd5 Be6 19. Nxf6+ gxf6 20. Ra3 cxd4 21. Nxd4 Bd7 22. Nf5 Bxf5 23. Bxf5 Ne5 24. Bc2 Nc4 25. Rc3 Na5 26. Rc1 Rad8 27. Rc7 Rd2 28. g3 Re5 29. Rd1 Rxd1+ 30. Bxd1 Rc5 31. Rd7 Kf8 32. Rd6 Ke7 33. Rd4 Ke6 34. Bg4+ f5 35. Bf3 Ke7 36. Rh4 Rc4 37. Rxh6 f6 38. Rh7+ Ke6 39. Bxb7 Rxa4 40. h4 Rb4 41. Ba6 Ke5 42. Kg2 Ke4 43. h5 Kd3 44. Kf3 Kd2 45. Rc7 Ke1 46. h6 Nc4 47. g4 Nd2+ 48. Kg3 Rxg4+ 49. Kh3 Kxf2 50. Rg7 Kf3 51. Bb7+ Ne4 52. Bxe4+ Rxe4 53. Rg3+ Kf2 54. h7 Rc4 55. h8Q Rc1 56. Rg2+ Kf3 57. Qa8+ Kxe3 58. Qa3+ Ke4 59. Qxc1 f4 60. Rf2 Kd5 61. Rxf4 Ke5 62. Qd2 f5 63. Rf1 Kf6 64. Kh4 Ke6 1-0

[Event "RSA-ch U12 Girls"]
[Site "Bloemfontein"]
[Date "2016.03.21"]
[Round "2"]
[White "Buitendag, Nanique"]
[Black "Putter, Nicola"]
[Result "0-1"]
[WhiteElo "1093"]
[BlackElo "1295"]
[PlyCount "56"]
[EventDate "2016.03.20"]
[EventType "swiss"]
[EventRounds "11"]
[EventCountry "RSA"]
[SourceTitle "CBM 171 Extra"]
[Source "ChessBase"]
[SourceDate "2016.04.26"]
[SourceVersion "1"]
[SourceVersionDate "2016.04.26"]
[SourceQuality "1"]

1. d4 d5 2. Bf4 Nf6 3. e3 c5 4. Nf3 cxd4 5. Nxd4 Nc6 6. Nb5 e5 7. Bg3 a6 8. N5c3 Qb6 9. Na4 Qa5+ 10. c3 b5 11. Bd3 bxa4 12. Bc2 Bd6 13. Bxa4 Bd7 14. 0-0 0-0 15. b3 Ne7 16. Bxd7 Nxd7 17. c4 Nf5 18. cxd5 Nxg3 19. hxg3 Nb6 20. e4 f5 21. Nd2 fxe4 22. Nxe4 Bc5 23. d6 Bd4 24. Rc1 Qxa2 25. Nc5 Bxf2+ 26. Kh1 Rf6 27. Nd7 Rh6+ 28. Qh5 Rxh5# 0-1

[Event "RSA-ch U12 Girls"]
[Site "Bloemfontein"]
[Date "2016.03.20"]
[Round "1"]
[White "Putter, Nicola"]
[Black "Van den Bergh, Marilene"]
[Result "1-0"]
[WhiteElo "1295"]
[BlackElo "1060"]
[PlyCount "113"]
[EventDate "2016.03.20"]
[EventType "swiss"]
[EventRounds "11"]
[EventCountry "RSA"]
[SourceTitle "CBM 171 Extra"]
[Source "ChessBase"]
[SourceDate "2016.04.26"]
[SourceVersion "1"]
[SourceVersionDate "2016.04.26"]
[SourceQuality "1"]

1. e4 d5 2. exd5 Qxd5 3. Nc3 Qd8 4. d4 e6 5. Bc4 Nf6 6. Bg5 h6 7. Bh4 Be7 8. Nge2 Qd6 9. Bg3 Qd7 10. 0-0 0-0 11. d5 exd5 12. Nxd5 Nxd5 13. Bxd5 Bd6 14. Bxd6 Qxd6 15. Qd3 Qf6 16. Qc3 Qf5 17. Bb3 Nc6 18. Nd4 Qg6 19. Nxc6 bxc6 20. Rfe1 Kh8 21. Re7 Be6 22. Qxc6 Bxb3 23. Qxg6 fxg6 24. axb3 Rfc8 25. h3 a6 26. Rd1 c6 27. Rdd7 Rg8 28. Rc7 Rac8 29. Rxc8 Rxc8 30. Ra7 Kh7 31. Rxa6 c5 32. Kf1 c4 33. b4 c3 34. b3 Rb8 35. Rc6 Rxb4 36. Rxc3 Rd4 37. Ke2 Re4+ 38. Re3 Rd4 39. c4 Rd8 40. Rc3 Re8+ 41. Kf1 Ra8 42. c5 Ra1+ 43. Ke2 Ra2+ 44. Kf3 Ra8 45. c6 Rf8+ 46. Kg3 Rc8 47. c7 Kg8 48. b4 Kf7 49. b5 Ke6 50. b6 Kd6 51. b7 Kd7 52. b8Q Rxb8 53. cxb8Q Ke6 54. Re3+ Kf7 55. Qe8+ Kf6 56. Qe6+ Kg5 57. Re5# 1-0

[Event "RSA-ch U12 Girls"]
[Site "Waterkloof"]
[Date "2015.04.07"]
[Round "6"]
[White "Moodley, Santham"]
[Black "Putter, Nicola"]
[Result "0-1"]
[WhiteElo "1188"]
[BlackElo "1278"]
[PlyCount "90"]
[EventDate "2015.04.04"]
[EventType "swiss"]
[EventRounds "9"]
[EventCountry "RSA"]
[SourceTitle "CBM 166 Extra"]
[Source "ChessBase"]
[SourceDate "2015.06.18"]
[SourceVersion "1"]
[SourceVersionDate "2015.06.18"]
[SourceQuality "1"]

1. e4 e5 2. Nf3 Nc6 3. Bb5 d6 4. c3 Bd7 5. 0-0 f6 6. Re1 Qe7 7. d4 0-0-0 8. d5 Nb8 9. Qa4 a6 10. Bxd7+ Nxd7 11. b4 Nb6 12. Qb3 Qd7 13. Be3 h5 14. Bxb6 cxb6 15. Nbd2 h4 16. h3 g5 17. Nc4 Kc7 18. Ne3 Nh6 19. a4 g4 20. hxg4 Nxg4 21. Nf5 Qh7 22. N3xh4 Nh6 23. Ng3 Ng8 24. Nf3 Rd7 25. Kf1 Ne7 26. Ke2 Qg6 27. Rh1 Rxh1 28. Rxh1 Bg7 29. c4 f5 30. Nxf5 Nxf5 31. exf5 Qxf5 32. Re1 Qg4 33. Kf1 Bh6 34. c5 Rg7 35. cxd6+ Kxd6 36. g3 Rf7 37. Nxe5 Qh3+ 38. Kg1 Rf4 39. Nc4+ Kc7 40. Re7+ Kd8 41. Rxb7 Rh4 42. Qf3 Rxc4 43. Qf6+ Kc8 44. f4 Qxg3+ 45. Kh1 Rc1# 0-1